01663agaaa2200289 45000010005000000030009000050050017000140070009000310080040000400400023000800410013001031000048001161300015001642450177001792500022003562600130003783000033005085080145005415110074006865200342007605380016011025460013011186500063011317000057011947000060012517000062013115459IT-RoPAU20220918181232.0d cvaizq50131s9999||||xx ||| | || ||und|| aIT-RoPAUcIT-RoPAU aITALIANO aGodard Jean-LucgCodice regista SPICS: 5975 aAMORE (L') aAMORE (L')cProdotto da: Lizzani Carlo -- Sceneggiatura: Godard Jean-Luc -- Diretto da: Godard Jean-LucpAMORE E RABBIA (VANGELO '70) (Rif. Codice opera principale : H5455) aEdizione Standard a(ITALIA - FRANCIA)bCASTORO FILM - ANOUCHKA FILM / Distribuzione: MEDIAWORLDg"1968 (1° ed.: 2005 ; Ed. Lingua Orig.: 1968)" aDVDbsonoro, col.c98 minuti a"Fotografia: Levent Alain; Montaggio: Guillemont Agnes; Musica: Fusco Giovanni; Sceneggiatura: Godard Jean-Luc; Scenografia: Scavia Mimmo; " a"Gueho Christine; Castelnuovo Nino; Jourdan Catherine; Pozzesi Paolo" aEPISODIO DEL FILM AMORE E GUERRA. L'EPISODIO E' UNA RILETTURA IN CHIAVE POLITICA DELLA PARABOLA DEL FIGLIOL PRODIGO. DUE GIOVANI IMMAGINANO DI VEDEREUN FILM SULL'IMPOSSIBILE AMORE FRA LA RIVOLUZIONE E LA DEMOCRAZIA, IMPERSONATI DA UN REGISTA ITALIANO E UNA GIOVANE FRANCESE, CHE, NON POTENDO CONVIVERE PUR AMANDOSI, ALLA FINE RINUNCIANO. aPAL, STEREO aITALIANO aFILM A EPISODIeDVD-FILM [DVD]xCodice MATERIA SPICS: 9947 aFusco Giovannie(musica)gCodice Musica SPICS: 22982 aGodard Jean-Luc e(regista)gCodice regista SPICS: 5975 aGodard Jean-Luc e(soggetto)gCodice Soggetto SPICS: 5975